Los indios del Valle de Catamarca /

Detalles Bibliográficos
Autor principal: Larrouy, P.A
Formato: Libro
Publicado: Buenos Aires : Coni, 1914.
Materias:
Etiquetas: Agregar Etiqueta
Sin Etiquetas, Sea el primero en etiquetar este registro!

MARC

LEADER 00000nam a22000004a 4500
001 AR-BbUGT3858
003 AR-BbUGT
005 20211222162805.0
007 ta
008 061101t1914 ||| |0|||0| d
999 |c 11173  |d 11173 
040 |a AR-BbUGT  |b spa  |c AR-BbUGT 
082 0 4 |a 572.9824 
100 1 |a Larrouy, P.A. 
245 1 4 |a Los indios del Valle de Catamarca /   |c P.A. Larrouy. 
260 |a Buenos Aires :   |b Coni,   |c 1914. 
500 |a Separata de la Revista de la Universidad de Buenos Aires, tomo XXVII, páginas 155 y siguientes. 
651 4 |a Catamarca (Argentina : Provincia)  |9 926 
653 |a Diaguitas 
653 |a Calchaquíes 
653 |a Encomiendas 
653 |a Reparto de indios 
942 |c BK  |h 572.9824  |i L329  |m D  |2 ddc  |6 572_982400000000000_L329